000 00397nam a2200157Ia 4500
008 210719s2005 xx 000 0 und d
041 _aeng
082 _a255.53 JESU
100 _aJESUITS;
245 _aJesuits year book of the society of Jesus 2005.
260 _aRome
_bJesuit General Curia
_c2005
300 _a159
_bPB
365 _cRs
650 _aChristianity
906 _aJesuits 2005
999 _c213863
_d213863